| 000 | 00835nam a2200241 a 4500 | ||
|---|---|---|---|
| 001 | 000019768 | ||
| 005 | 20200929170131.0 | ||
| 008 | 100706s1974 xxuac r 000 0 spa d | ||
| 040 |
_aDO-SdBNP _bspa _cBNPHU |
||
| 082 |
_a135.43 _bS745pr, 1974 |
||
| 100 | 1 |
_aSpencer Lewis, H. _942227 |
|
| 245 | 1 | 0 |
_aPreguntas y respuestas rosacruces : _bcon la historia completa de la orden rosacruz / _cH. Spencer Lewis. |
| 250 | _a7a ed. | ||
| 260 |
_aCalifornia : _bGran Logia Suprema de Amorc, _c1974. |
||
| 300 |
_a246 p. : _bil., retrs. ; _c20 cm. |
||
| 490 | 1 |
_aBiblioteca Rosacruz ; _vno.6 |
|
| 504 | _aIncluye referencias bibliográficas y notas al pie de las páginas. | ||
| 650 | 4 |
_aRosacruces _942228 |
|
| 650 | 4 |
_aParapsicología _92394 |
|
| 650 | 4 |
_aOcultismo _92395 |
|
| 830 | 0 |
_aBiblioteca Rosacruz ; _vno.6 _940635 |
|
| 049 | _aBNGR | ||
| 999 |
_c19282 _d19282 |
||